1394 1774 1140 1724 1720 1600 1511 1231 1441 1851 1450 1773 1803 1870 1161 1687 1115 1558 1961 1754 1022 1184 1532 1324 1980 1325 1449 1661 1605 1457 1170 1322 1605 1541 1162 1244 1649 1718 1845 1154 1216 1255 1578 1917 1447 1950 1519 1903 1152 1689 1739 1499 1362 1568 1258 1031 1203 1139 1203 1964 1430 1267 1185 1071 1613 1652 1693 1739 1366 1262 1030 1098 1580 1014 1293 1433 1892 1671 1869 1415 1502 1834 1217 1250 1881 1208 1806 1143 1544 1168 1136 1560 1300 1105 1974 1652 1586 1671 1058 BCNSPRNW ULIB Ver.6.0+V

เปลี่ยนเป็นภาษาไทย

Change to English
 แสดงรายละเอียดบรรณานุกรม
  กลับหน้าหลัก

Brief Record : Get Marc (ISO 2709) : E-mail record : QR code < ปิดหน้าต่าง
LEADER : 00000nam 2200000uu 4500
001    13399128723
003     ULIB
008    240814s2566||||th 000 0 tha d
020    ^a9749993705
020    ^a9789749993705
060 04 ^aQS4^bว724ก
100 0  ^aวิไล ชินธเนศ
245 10 ^aกายวิภาคศาสตร์ของมนุษย์ =^bHuman anatomy /^cวิไล ชินธเนศ,ธันวา ตันสถิตย์ และ มนตกานต์ ตันสถิตย์
246 31 ^aHuman anatomy
250    ^aพิมพ์ครั้งที่ 25
260    ^aกรุงเทพฯ :^bเฟื่องฟ้า,^c2566
300    ^a304, [xxi] :^bภาพประกอบ ;^c29 ซม.
650  7 ^aกายวิภาคศาสตร์
700 0  ^aมนตกานต์ ตันสถิตย์
700 0  ^aธันวา ตันสถิตย์
710 2  ^aจุฬาลงกรณ์มหาวิทยาลัย. ^bคณะแพทยศาสตร์.^bภาควิชากายวิภาคศาสตร์
945    ^p200^l0^i010371
945    ^p200^l0^i010372
945    ^p200^l0^i010373
945    ^p200^l0^i010374
945    ^p200^l0^i010375
999    ^aประนอม เกษจรัล
รายการนี้ยังไม่มีแท็ก
คุณยังไม่ได้ล็อกอิน คุณสามารถมีกิจกรรมร่วมกับเว็บไซต์ได้ แต่ต้องล็อกอินก่อน ::
  ล็อกอิน

รายการสื่อสารสนเทศ

ลำดับที่ ประเภท เลขเรียก/บาร์โค้ด สถานที่ สถานะ
1. วิทยาศาสตร์การแพทย์ และสุขภาพ
หนังสือสำรอง
สถานะ=หนังสือสำรอง
QS4 ว724ก ฉ.1 
  Barcode: 010371
ห้องสมุดวิทยาเขตสวรรค์ประชารักษ์
►หนังสือทั่วไป
บนชั้น
2. วิทยาศาสตร์การแพทย์ และสุขภาพ
วิทยาศาสตร์การแพทย์ และสุขภาพ
QS4 ว724ก ฉ.2 
  Barcode: 010372
ห้องสมุดวิทยาเขตสวรรค์ประชารักษ์
►หนังสือทั่วไป
บนชั้น
3. วิทยาศาสตร์การแพทย์ และสุขภาพ
วิทยาศาสตร์การแพทย์ และสุขภาพ
QS4 ว724ก ฉ.3 
  Barcode: 010373
ห้องสมุดวิทยาเขตสวรรค์ประชารักษ์
►หนังสือทั่วไป
บนชั้น
4. วิทยาศาสตร์การแพทย์ และสุขภาพ
วิทยาศาสตร์การแพทย์ และสุขภาพ
QS4 ว724ก ฉ.4 
  Barcode: 010374
ห้องสมุดวิทยาเขตสวรรค์ประชารักษ์
►หนังสือทั่วไป
บนชั้น
5. วิทยาศาสตร์การแพทย์ และสุขภาพ
วิทยาศาสตร์การแพทย์ และสุขภาพ
QS4 ว724ก ฉ.5 
  Barcode: 010375
ห้องสมุดวิทยาเขตสวรรค์ประชารักษ์
►หนังสือทั่วไป
บนชั้น

รายการใกล้เคียง
    ผู้แต่ง [วิไล ชินธเนศ]

    หัวเรื่อง [กายวิภาคศาสตร์]

BibComment


ยังไม่เคยถูกคอมเมนท์

คอมเมนท์ทรัพยากรรายการนี้
  คอมเมนท์: กายวิภาคศาสตร์ขอ..


 Copyright 2026. Bcnsprnw @Library